00918cam a2200253 i 450000100060000000300080000600500170001400800390003102000170007003500190008704000320010604100080013808200210014610000380016724500200020526000480022530000390027350400280031265000150034094200120035599900170036795201400038495201400052414130BD-RjUL20211208235557.0140205s1958 enkab b 001 0 eng a058246806X : a(BD-RjUL)14182 aDLCcDLCdDLCdBD-RjULbeng aeng00a633.72bEDT 19581 aEden, T.q(Thomas),d1897-94414210aTea /cT. Eden. aLondon :bLongman,c1958 [impression 1960]. axvi, 201 p. :bill., map ;c23 cm. aBibliography and index. 0aTea.99878 2ddccBK c14130d14130 00102ddc40708NFICaRUCLbRUCLcStackd1963-09-05eColombo Plan, U. K,l0o633.72 EDT 1958r2014-02-05 00:00:00tC-2w2014-02-05yBK 00102ddc40718NFICaRUCLbRUCLcReadingd1962-01-18eMirza Bookg26.25l0o633.72 EDT 1960r2017-06-03 00:00:00tC-1w2021-12-08yBK